01627nam a2200337 i 4500001001000000003000900010005001700019007000300036008004100039020001800080040003000098082000700128100004600135245009400181264003600275300005500311336002700366337003300393338002800426500007300454500006400527500003400591504003200625590002600657942001400683952013400697952012200831952012800953952019101081999001701272000044878DO-SdBNP20240521092853.0ta150115s2014 dr ac 000 0 spa d a9789945166378 aDO-SdBNPbspacBNPHUerda 42221 aHamlet, Hermann,d1934-2016936649eautor10aFidel Trujillo USA 1958-1961 /cHamlet Hermann ; corrección de estilo, Felipe Ciprián aSanto Domingo :bBúho,c2014. a400 páginas :bilustraciones, retratos ;c23 cm. 2rdacontentatextobtxt 2rdamediaasin mediaciónbn 2rdacarrieravolumenbnc aIncluye referencias bibliográficas y notas al pie de las páginas aIncluye datos biográficos del autor en la contracubierta. aIncluye índice onomástico aBibliografía : p. 397-400 aInventariado, 2024/BT 2ddccLBS1 00102ddc56708DSaBNPHUbBNPHUcCTd2015-01-15l0oBNPHU DS p44878-30r2020-06-25te. 3w2020-06-25yLBS1ZPréstamo en sala 00102ddc51708PDaBNPHUbBNPHUcCTd2015-01-15l0oBNPHU PD p44878-10r2020-06-25w2020-06-25yLBS1ZNo se presta 00102ddc51708PDaBNPHUbBNPHUcCTd2015-01-15l0oBNPHU PD p44878-20r2020-06-25te. 2w2020-06-25yLBS1ZNo se presta 00102ddc56708DSaBNPHUbBNPHUcCTd2024-05-21eDonaciónl0oBNPHU DS p2024-3068r2024-05-21te.4w2024-05-21yLBS1zPerteneció a la biblioteca personal de Emilio Cordero Michel. c44367d44367